000
00320nam a2200109Ia 4500
008
171211s9999 xx 000 0 und d
245
_a
150 bordures en crochet
245
_c
Paul Forrester Suzanne Smith and Phil Wilkins
260
_c
2007
650
_x
Hobbies
856
_u
http://down.ebook777.com/065/9782299000114.pdf
999
_c
350313
_d
350313